| 000 | 00738nam a22002057a 4500 | ||
|---|---|---|---|
| 005 | 20100811124041.0 | ||
| 010 | _aENG-99576 | ||
| 020 |
_a8122504558 _c85.00 |
||
| 035 | _aEN-83108 | ||
| 037 | _bDBAD/PUB | ||
| 082 | _a302.35 | ||
| 100 |
_aUpadhyay, Padma V _910818 |
||
| 245 |
_aOrganizational behaviour / _cby Padma V Upadhya [and] P Subhas Chandra Bose |
||
| 260 |
_aNew Delhi _bKitab Mahal _c2007 |
||
| 270 |
_a28 Netaji Subhash Marg _bNew Delhi _e110002 |
||
| 300 |
_axii,212p _c24cm(pbk) |
||
| 700 |
_aBose, P Subhas Chandra _910819 |
||
| 942 |
_2ddc _cEN _h302.35 _mUPA |
||
| 999 |
_c40939 _d40939 |
||